01652nam a22002177a 450000500170000000700150001700800410003202000220007303500100009504000090010510000220011424501180013625600240025426000400027830000280031850007150034650602700106165000240133174000380135585600410139320240305165618.0cr|||| |||| 210910s2021 co |||||s|||| 00||0 spa d a978-958-792-262-2 a35044 avLex1 aChu Rubio, Manuel12aEl ROI de las decisiones del marketingh[Recurso electrónico] :bUn enfoque de rentabilidad /cManuel Chu Rubio aServicio en línea aBogotá:bEdiciones de la U,c2021 a1 recurso electrónico aSabes cuál es la rentabilidad de las estrategias de marketing de tu empresa? Está demostrado que las empresas que no miden la rentabilidad de sus inversiones en publicidad han desperdiciado mucho dinero. Es hora de hacer un verdadero análisis financiero y para eso nace este libro, que permite vincular las métricas del marketing con las finanzas de la empresa. A través de análisis de casos se ejemplificará cómo cuantificar, entender e interpretar los reportes financieros, determinar la rentabilidad y, por lo tanto, tomar mejores decisiones en torno al marketing de la empresa y hacerla competitiva, al mismo tiempo que se crean productos y servicios más atractivos para los consumidores.1 aDisponible solo en los productos indicadosdvLex GlobaldvLex Global (Academic Edition, excluding Law Schools)dvLex Global (U.S. Academic Edition, Law Schools)dvLex Global (U.S. Academic Edition, excluding Law Schools)dvLex Global (Academic Edition, Law Schools)04aMarketingzColombia0 avLex Libros (Servicio en línea)40uhttps://app.vlex.com/#/sources/35044